{"text_format":"1","workbook":"xlsx","n_sheets":2,"sheets":["Данные","Лист1"],"not_rendered":{"charts":0,"images":0,"macros":1,"external_links":0,"defined_names":4,"comments":0,"pivot_tables":0},"unopened":[],"bounds":{"document_bytes":16777216,"sheet_cells":100000,"rows_first":2000,"rows_last":500,"rows_between":2000,"halvings":0,"cell_chars":16384,"cell_head_chars":4096},"cells_cut":0,"cells_raw":0,"read":"whole","date_system":"1900"}

{"sheet":"Данные","index":0,"n_rows":89,"n_cols":10,"rows_kept":89,"cut":false,"hidden":false,"merged":[[1,0,1,9]]}
[null,null,null,null,null,null,null,null,"Приложение №1"]
["Перечень актуальных и готовых к реализации невостребованных МТР"]
[]
["Наименование лота","Наименование ОГ","№ лота","№ позиции","Наименование неликвидных (НЛ) и невостребованных ликвидных (НВЛ) материалов","Ед. изм","Количество","Мин. цена реализации за ед., руб., без НДС ","Сумма, руб. без НДС","Место нахождения"]
["Набивки, прокладки","ПАО АНК \"Башнефть\" \"Башнефть-Новойл\"",1,1,"Набивка МС-161 12.5мм","КГ",10,967.25,{"$f":"G5*H5","v":9672.5},"450045, г. Уфа, ПАО АНК \"Башнефть\" \"Башнефть-Новойл\""]
["Набивки, прокладки","ПАО АНК \"Башнефть\" \"Башнефть-Новойл\"",1,2,"Набивка НГ-100М 6х6","КГ",12,487.95,5855.4,"450045, г. Уфа, ПАО АНК \"Башнефть\" \"Башнефть-Новойл\""]
["Набивки, прокладки","ПАО АНК \"Башнефть\" \"Башнефть-Новойл\"",1,3,"Набивка сальниковая UrTex H 6000 6х6мм","КГ",0.5,1253.69,626.84500000000003,"450045, г. Уфа, ПАО АНК \"Башнефть\" \"Башнефть-Новойл\""]
["Набивки, прокладки","ПАО АНК \"Башнефть\" \"Башнефть-Новойл\"",1,4,"Набивка сальниковая UrTex H 6000 6х6мм","КГ",1,1253.69,1253.69,"450045, г. Уфа, ПАО АНК \"Башнефть\" \"Башнефть-Новойл\""]
["Набивки, прокладки","ПАО АНК \"Башнефть\" \"Башнефть-Новойл\"",1,5,"Набивка сальниковая UrTex H 6000 6х6мм","КГ",5,782.88,3914.4,"450045, г. Уфа, ПАО АНК \"Башнефть\" \"Башнефть-Новойл\""]
["Набивки, прокладки","ПАО АНК \"Башнефть\" \"Башнефть-Новойл\"",1,6,"Набивка сальниковая UrTex H 6000 6х6мм","КГ",5,782.88,3914.4,"450045, г. Уфа, ПАО АНК \"Башнефть\" \"Башнефть-Новойл\""]
["Набивки, прокладки","ПАО АНК \"Башнефть\" \"Башнефть-Новойл\"",1,7,"Набивка сальниковая UrTex H 6000 6х6мм","КГ",5,782.88,3914.4,"450045, г. Уфа, ПАО АНК \"Башнефть\" \"Башнефть-Новойл\""]
["Набивки, прокладки","ПАО АНК \"Башнефть\" \"Башнефть-Новойл\"",1,8,"Набивка сальниковая UrTex H1300 6х6","КГ",5,360.25,1801.25,"450045, г. Уфа, ПАО АНК \"Башнефть\" \"Башнефть-Новойл\""]
["Набивки, прокладки","ПАО АНК \"Башнефть\" \"Башнефть-Новойл\"",1,9,"Набивка сальниковая АФТ 10х10","КГ",15.1,262.3,3960.73,"450045, г. Уфа, ПАО АНК \"Башнефть\" \"Башнефть-Новойл\""]
["Набивки, прокладки","ПАО АНК \"Башнефть\" \"Башнефть-Новойл\"",1,10,"Прокладка 1200-4,0-4","ШТ",3,1726.53,5179.59,"450045, г. Уфа, ПАО АНК \"Башнефть\" \"Башнефть-Новойл\""]
["Набивки, прокладки","ПАО АНК \"Башнефть\" \"Башнефть-Новойл\"",1,11,"Прокладка 1200-4,0-4","ШТ",4,1726.53,6906.12,"450045, г. Уфа, ПАО АНК \"Башнефть\" \"Башнефть-Новойл\""]
["Набивки, прокладки","ПАО АНК \"Башнефть\" \"Башнефть-Новойл\"",1,12,"Прокладка 1200-4,0-4","ШТ",2,1726.53,3453.06,"450045, г. Уфа, ПАО АНК \"Башнефть\" \"Башнефть-Новойл\""]
["Набивки, прокладки","ПАО АНК \"Башнефть\" \"Башнефть-Новойл\"",1,13,"Прокладка 1200-4,0-4","ШТ",2,1726.53,3453.06,"450045, г. Уфа, ПАО АНК \"Башнефть\" \"Башнефть-Новойл\""]
["Набивки, прокладки","ПАО АНК \"Башнефть\" \"Башнефть-Новойл\"",1,14,"Прокладка 1200-4,0-4","ШТ",2,1726.53,3453.06,"450045, г. Уфа, ПАО АНК \"Башнефть\" \"Башнефть-Новойл\""]
["Набивки, прокладки","ПАО АНК \"Башнефть\" \"Башнефть-Новойл\"",1,15,"Прокладка 1200-4,0-4","ШТ",2,1726.53,3453.06,"450045, г. Уфа, ПАО АНК \"Башнефть\" \"Башнефть-Новойл\""]
["Набивки, прокладки","ПАО АНК \"Башнефть\" \"Башнефть-Новойл\"",1,16,"Прокладка 1200-4,0-4","ШТ",6,1726.53,{"$f":"G20*H20","v":10359.18},"450045, г. Уфа, ПАО АНК \"Башнефть\" \"Башнефть-Новойл\""]
["Набивки, прокладки","ПАО АНК \"Башнефть\" \"Башнефть-Новойл\"",1,17,"Прокладка 1200-4,0-4","ШТ",2,1726.53,3453.06,"450045, г. Уфа, ПАО АНК \"Башнефть\" \"Башнефть-Новойл\""]
["Набивки, прокладки","ПАО АНК \"Башнефть\" \"Башнефть-Новойл\"",1,18,"Прокладка 1200-4,0-4","ШТ",2,1726.53,3453.06,"450045, г. Уфа, ПАО АНК \"Башнефть\" \"Башнефть-Новойл\""]
["Набивки, прокладки","ПАО АНК \"Башнефть\" \"Башнефть-Новойл\"",1,19,"Прокладка 1200-4,0-4","ШТ",2,1726.53,3453.06,"450045, г. Уфа, ПАО АНК \"Башнефть\" \"Башнефть-Новойл\""]
["Набивки, прокладки","ПАО АНК \"Башнефть\" \"Башнефть-Новойл\"",1,20,"Набивка UrTex H 1202 18","КГ",15,728.14,10922.1,"450045, г. Уфа, ПАО АНК \"Башнефть\" \"Башнефть-Новойл\""]
["Набивки, прокладки","ПАО АНК \"Башнефть\" \"Башнефть-Новойл\"",1,21,"Набивка UrTex H 1300 4х4","КГ",5,335.31,1676.55,"450045, г. Уфа, ПАО АНК \"Башнефть\" \"Башнефть-Новойл\""]
["Набивки, прокладки","ПАО АНК \"Башнефть\" \"Башнефть-Новойл\"",1,22,"Набивка UrTex H 1300 5","КГ",5,285.94,1429.7,"450045, г. Уфа, ПАО АНК \"Башнефть\" \"Башнефть-Новойл\""]
["Набивки, прокладки","ПАО АНК \"Башнефть\" \"Башнефть-Новойл\"",1,23,"Набивка UrTex HY 1281 17.5х17.5","КГ",5,677.67,3388.35,"450045, г. Уфа, ПАО АНК \"Башнефть\" \"Башнефть-Новойл\""]
["Набивки, прокладки","ПАО АНК \"Башнефть\" \"Башнефть-Новойл\"",1,24,"Набивка ВАТИ-331 13х13мм","КГ",4.9000000000000004,513.77,2517.473,"450045, г. Уфа, ПАО АНК \"Башнефть\" \"Башнефть-Новойл\""]
["Набивки, прокладки","ПАО АНК \"Башнефть\" \"Башнефть-Новойл\"",1,25,"Набивка МС-161 12.5мм","КГ",50,967.25,48362.5,"450045, г. Уфа, ПАО АНК \"Башнефть\" \"Башнефть-Новойл\""]
["Набивки, прокладки","ПАО АНК \"Башнефть\" \"Башнефть-Новойл\"",1,26,"Набивка МС-161 12.5мм","КГ",5,686.37,3431.85,"450045, г. Уфа, ПАО АНК \"Башнефть\" \"Башнефть-Новойл\""]
["Набивки, прокладки","ПАО АНК \"Башнефть\" \"Башнефть-Новойл\"",1,27,"Набивка МС-510 15мм","КГ",25,1254.3699999999999,31359.249999999996,"450045, г. Уфа, ПАО АНК \"Башнефть\" \"Башнефть-Новойл\""]
["Набивки, прокладки","ПАО АНК \"Башнефть\" \"Башнефть-Новойл\"",1,28,"Набивка НГ-100М 12.5х12.5","КГ",10,487.95,4879.5,"450045, г. Уфа, ПАО АНК \"Башнефть\" \"Башнефть-Новойл\""]
["Набивки, прокладки","ПАО АНК \"Башнефть\" \"Башнефть-Новойл\"",1,29,"Набивка НГ-100М 16х16","КГ",35,487.95,17078.25,"450045, г. Уфа, ПАО АНК \"Башнефть\" \"Башнефть-Новойл\""]
["Набивки, прокладки","ПАО АНК \"Башнефть\" \"Башнефть-Новойл\"",1,30,"Набивка НГ-100М 4х4","КГ",10,487.95,4879.5,"450045, г. Уфа, ПАО АНК \"Башнефть\" \"Башнефть-Новойл\""]
["Набивки, прокладки","ПАО АНК \"Башнефть\" \"Башнефть-Новойл\"",1,31,"Набивка НГ-100М 6х6","КГ",10,487.95,4879.5,"450045, г. Уфа, ПАО АНК \"Башнефть\" \"Башнефть-Новойл\""]
["Набивки, прокладки","ПАО АНК \"Башнефть\" \"Башнефть-Новойл\"",1,32,"Набивка НГ-100М 7х7","КГ",10,487.95,4879.5,"450045, г. Уфа, ПАО АНК \"Башнефть\" \"Башнефть-Новойл\""]
["Набивки, прокладки","ПАО АНК \"Башнефть\" \"Башнефть-Новойл\"",1,33,"Набивка НГ-100М 8х8","КГ",20,487.95,9759,"450045, г. Уфа, ПАО АНК \"Башнефть\" \"Башнефть-Новойл\""]
["Набивки, прокладки","ПАО АНК \"Башнефть\" \"Башнефть-Новойл\"",1,34,"Набивка НГ-101М 13х13","КГ",20,446.75,8935,"450045, г. Уфа, ПАО АНК \"Башнефть\" \"Башнефть-Новойл\""]
["Набивки, прокладки","ПАО АНК \"Башнефть\" \"Башнефть-Новойл\"",1,35,"Набивка НГ-200М 10х10","КГ",74,437.81,32397.94,"450045, г. Уфа, ПАО АНК \"Башнефть\" \"Башнефть-Новойл\""]
["Набивки, прокладки","ПАО АНК \"Башнефть\" \"Башнефть-Новойл\"",1,36,"Набивка НГ-200М 12.5х12.5","КГ",10,437.81,4378.1000000000004,"450045, г. Уфа, ПАО АНК \"Башнефть\" \"Башнефть-Новойл\""]
["Набивки, прокладки","ПАО АНК \"Башнефть\" \"Башнефть-Новойл\"",1,37,"Набивка НГ-200М 4х4","КГ",44,437.81,19263.64,"450045, г. Уфа, ПАО АНК \"Башнефть\" \"Башнефть-Новойл\""]
["Набивки, прокладки","ПАО АНК \"Башнефть\" \"Башнефть-Новойл\"",1,38,"Набивка НГ-200М 5х5","КГ",5,538.98,2694.9,"450045, г. Уфа, ПАО АНК \"Башнефть\" \"Башнефть-Новойл\""]
["Набивки, прокладки","ПАО АНК \"Башнефть\" \"Башнефть-Новойл\"",1,39,"Набивка НГ-200М 6х6","КГ",62.5,437.81,27363.125,"450045, г. Уфа, ПАО АНК \"Башнефть\" \"Башнефть-Новойл\""]
["Набивки, прокладки","ПАО АНК \"Башнефть\" \"Башнефть-Новойл\"",1,40,"Набивка НГ-200М 8х8","КГ",122,437.81,53412.82,"450045, г. Уфа, ПАО АНК \"Башнефть\" \"Башнефть-Новойл\""]
["Набивки, прокладки","ПАО АНК \"Башнефть\" \"Башнефть-Новойл\"",1,41,"Набивка НГ-400М 10х10","КГ",18,446.75,8041.5,"450045, г. Уфа, ПАО АНК \"Башнефть\" \"Башнефть-Новойл\""]
["Набивки, прокладки","ПАО АНК \"Башнефть\" \"Башнефть-Новойл\"",1,42,"Набивка НГ-400М 12х12","КГ",10,446.75,4467.5,"450045, г. Уфа, ПАО АНК \"Башнефть\" \"Башнефть-Новойл\""]
["Набивки, прокладки","ПАО АНК \"Башнефть\" \"Башнефть-Новойл\"",1,43,"Набивка НУ-100М 8х8","КГ",10,2412.46,24124.6,"450045, г. Уфа, ПАО АНК \"Башнефть\" \"Башнефть-Новойл\""]
["Набивки, прокладки","ПАО АНК \"Башнефть\" \"Башнефть-Новойл\"",1,44,"Набивка НФ-200М 13х13","КГ",15,1787,26805,"450045, г. Уфа, ПАО АНК \"Башнефть\" \"Башнефть-Новойл\""]
["Набивки, прокладки","ПАО АНК \"Башнефть\" \"Башнефть-Новойл\"",1,45,"Набивка НФ-200М 6х6","КГ",5,1787,8935,"450045, г. Уфа, ПАО АНК \"Башнефть\" \"Башнефть-Новойл\""]
["Набивки, прокладки","ПАО АНК \"Башнефть\" \"Башнефть-Новойл\"",1,46,"Набивка С-571 6х6мм","КГ",7.5,953.07,7148.0250000000005,"450045, г. Уфа, ПАО АНК \"Башнефть\" \"Башнефть-Новойл\""]
["Набивки, прокладки","ПАО АНК \"Башнефть\" \"Башнефть-Новойл\"",1,47,"Набивка сальниковая UrTex H 6000 6х6мм","КГ",7.5,928.33,6962.4750000000004,"450045, г. Уфа, ПАО АНК \"Башнефть\" \"Башнефть-Новойл\""]
["Набивки, прокладки","ПАО АНК \"Башнефть\" \"Башнефть-Новойл\"",1,48,"Набивка сальниковая UrTex H 6000 6х6мм","КГ",1,1253.69,1253.69,"450045, г. Уфа, ПАО АНК \"Башнефть\" \"Башнефть-Новойл\""]
["Набивки, прокладки","ПАО АНК \"Башнефть\" \"Башнефть-Новойл\"",1,49,"Набивка сальниковая UrTex H 6000 6х6мм","КГ",5,782.88,3914.4,"450045, г. Уфа, ПАО АНК \"Башнефть\" \"Башнефть-Новойл\""]
["Набивки, прокладки","ПАО АНК \"Башнефть\" \"Башнефть-Новойл\"",1,50,"Набивка сальниковая UrTex H1300 6х6","КГ",6,360.25,2161.5,"450045, г. Уфа, ПАО АНК \"Башнефть\" \"Башнефть-Новойл\""]
["Набивки, прокладки","ПАО АНК \"Башнефть\" \"Башнефть-Новойл\"",1,51,"Набивка сальниковая АП-31 4х4","КГ",40,259.08999999999997,10363.599999999999,"450045, г. Уфа, ПАО АНК \"Башнефть\" \"Башнефть-Новойл\""]
["Набивки, прокладки","ПАО АНК \"Башнефть\" \"Башнефть-Новойл\"",1,52,"Набивка сальниковая АП-31 6х6","КГ",18,142.1,2557.7999999999997,"450045, г. Уфа, ПАО АНК \"Башнефть\" \"Башнефть-Новойл\""]
["Набивки, прокладки","ПАО АНК \"Башнефть\" \"Башнефть-Новойл\"",1,53,"Набивка сальниковая АС 10х10","КГ",10,259.14,2591.3999999999996,"450045, г. Уфа, ПАО АНК \"Башнефть\" \"Башнефть-Новойл\""]
["Набивки, прокладки","ПАО АНК \"Башнефть\" \"Башнефть-Новойл\"",1,54,"Набивка сальниковая АФТ 10х10","КГ",29.5,262.3,7737.85,"450045, г. Уфа, ПАО АНК \"Башнефть\" \"Башнефть-Новойл\""]
["Набивки, прокладки","ПАО АНК \"Башнефть\" \"Башнефть-Новойл\"",1,55,"Набивка сальниковая МС-101 18х18 б/у","КГ",5,410.93,2054.65,"450045, г. Уфа, ПАО АНК \"Башнефть\" \"Башнефть-Новойл\""]
["Набивки, прокладки","ПАО АНК \"Башнефть\" \"Башнефть-Новойл\"",1,56,"Набивка сальниковая ХБП-31 6мм","КГ",41.7,154.75,6453.0750000000007,"450045, г. Уфа, ПАО АНК \"Башнефть\" \"Башнефть-Новойл\""]
["Набивки, прокладки","ПАО АНК \"Башнефть\" \"Башнефть-Новойл\"",1,57,"Набивка ХБС 20х20мм","КГ",17.399999999999999,201.4,3504.3599999999997,"450045, г. Уфа, ПАО АНК \"Башнефть\" \"Башнефть-Новойл\""]
["Набивки, прокладки","ПАО АНК \"Башнефть\" \"Башнефть-Новойл\"",1,58,"Набивка ХБС 20х20мм","КГ",11.4,232,2644.8,"450045, г. Уфа, ПАО АНК \"Башнефть\" \"Башнефть-Новойл\""]
["Набивки, прокладки","ПАО АНК \"Башнефть\" \"Башнефть-Новойл\"",1,59,"Набивка ХБС 20х20мм","КГ",9,229.06,2061.54,"450045, г. Уфа, ПАО АНК \"Башнефть\" \"Башнефть-Новойл\""]
["Набивки, прокладки","ПАО АНК \"Башнефть\" \"Башнефть-Новойл\"",1,60,"Набивка ХБС 6х6мм","КГ",16.7,209.1,3491.97,"450045, г. Уфа, ПАО АНК \"Башнефть\" \"Башнефть-Новойл\""]
["Набивки, прокладки","ПАО АНК \"Башнефть\" \"Башнефть-Новойл\"",1,61,"Набивка ХБС 6х6мм","КГ",10,234.76,2347.6,"450045, г. Уфа, ПАО АНК \"Башнефть\" \"Башнефть-Новойл\""]
["Набивки, прокладки","ПАО АНК \"Башнефть\" \"Башнефть-Новойл\"",1,62,"Набивка Экотес Н 120 6х6мм","КГ",9,879.06,7911.5399999999991,"450045, г. Уфа, ПАО АНК \"Башнефть\" \"Башнефть-Новойл\""]
["Набивки, прокладки","ПАО АНК \"Башнефть\" \"Башнефть-Новойл\"",1,63,"Набивка Экотес Н 120 6х6мм","КГ",5.5,879.06,4834.83,"450045, г. Уфа, ПАО АНК \"Башнефть\" \"Башнефть-Новойл\""]
["Набивки, прокладки","ПАО АНК \"Башнефть\" \"Башнефть-Новойл\"",1,64,"Набивка Экотес Н 120 6х6мм","КГ",2,879.06,1758.12,"450045, г. Уфа, ПАО АНК \"Башнефть\" \"Башнефть-Новойл\""]
["Набивки, прокладки","ПАО АНК \"Башнефть\" \"Башнефть-Новойл\"",1,65,"Набивка ЭКОТЕС Н120 8х8","КГ",2,1211.23,2422.46,"450045, г. Уфа, ПАО АНК \"Башнефть\" \"Башнефть-Новойл\""]
["Набивки, прокладки","ПАО АНК \"Башнефть\" \"Башнефть-Новойл\"",1,66,"Набивка ЭКОТЕС Н320 14х14","КГ",15,346.94,5204.1000000000004,"450045, г. Уфа, ПАО АНК \"Башнефть\" \"Башнефть-Новойл\""]
["Набивки, прокладки","ПАО АНК \"Башнефть\" \"Башнефть-Новойл\"",1,67,"Набивка ЭКОТЕС Н320 16х16","КГ",3.6,348.34,1254.0239999999999,"450045, г. Уфа, ПАО АНК \"Башнефть\" \"Башнефть-Новойл\""]
["Набивки, прокладки","ПАО АНК \"Башнефть\" \"Башнефть-Новойл\"",1,68,"Набивка ЭКОТЕС Н320АР 10х10","КГ",10,354.77,3547.7,"450045, г. Уфа, ПАО АНК \"Башнефть\" \"Башнефть-Новойл\""]
["Набивки, прокладки","ПАО АНК \"Башнефть\" \"Башнефть-Новойл\"",1,69,"Набивка ЭКОТЕС Н320АР 16х16","КГ",15,354.77,5321.5499999999993,"450045, г. Уфа, ПАО АНК \"Башнефть\" \"Башнефть-Новойл\""]
["Набивки, прокладки","ПАО АНК \"Башнефть\" \"Башнефть-Новойл\"",1,70,"Набивка ЭКОТЕС Н320АР 4х4","КГ",10,354.77,3547.7,"450045, г. Уфа, ПАО АНК \"Башнефть\" \"Башнефть-Новойл\""]
["Набивки, прокладки","ПАО АНК \"Башнефть\" \"Башнефть-Новойл\"",1,71,"Прокладка 1200-4,0-4","ШТ",3,1726.53,5179.59,"450045, г. Уфа, ПАО АНК \"Башнефть\" \"Башнефть-Новойл\""]
["Набивки, прокладки","ПАО АНК \"Башнефть\" \"Башнефть-Новойл\"",1,72,"Прокладка Д-200-6.3-4-ТМКЩ-С 15180-86","ШТ",1,183.43,183.43,"450045, г. Уфа, ПАО АНК \"Башнефть\" \"Башнефть-Новойл\""]
["Набивки, прокладки","ПАО АНК \"Башнефть\" \"Башнефть-Новойл\"",1,73,"Прокладка Д-600-6,3-ТМКЩ-С","ШТ",1,1956.68,1956.68,"450045, г. Уфа, ПАО АНК \"Башнефть\" \"Башнефть-Новойл\""]
["Набивки, прокладки","ПАО АНК \"Башнефть\" \"Башнефть-Новойл\"",1,74,"Прокладка МГ140-5Н 1390х1354х3","ШТ",6,4580.43,27482.58,"450045, г. Уфа, ПАО АНК \"Башнефть\" \"Башнефть-Новойл\""]
["Набивки, прокладки","ПАО АНК \"Башнефть\" \"Башнефть-Новойл\"",1,75,"Прокладка СНП Г-3-1037-1,6-4,5","ШТ",2,1739.56,3479.12,"450045, г. Уфа, ПАО АНК \"Башнефть\" \"Башнефть-Новойл\""]
["Уплотнительный материал","ПАО АНК \"Башнефть\" \"Башнефть-Новойл\"",2,76,"Кольцо RVS402800-Z80H (280х292,2х9,5)","ШТ",4,62489.69,249958.76,"450045, г. Уфа, ПАО АНК \"Башнефть\" \"Башнефть-Новойл\""]
["Уплотнительный материал","ПАО АНК \"Башнефть\" \"Башнефть-Новойл\"",2,77,"Кольцо резиновое под соед. Тайтон Д 300","ШТ",56,249.76,13986.56,"450045, г. Уфа, ПАО АНК \"Башнефть\" \"Башнефть-Новойл\""]
["Уплотнительный материал","ПАО АНК \"Башнефть\" \"Башнефть-Новойл\"",2,78,"Кольцо резиновое под соед. Тайтон Д 300","ШТ",1,276.56,276.56,"450045, г. Уфа, ПАО АНК \"Башнефть\" \"Башнефть-Новойл\""]
["Уплотнительный материал","ПАО АНК \"Башнефть\" \"Башнефть-Новойл\"",2,79,"Кольцо резиновое Тайтон (МБС) 150","ШТ",14,199.24,2789.36,"450045, г. Уфа, ПАО АНК \"Башнефть\" \"Башнефть-Новойл\""]
["Уплотнительный материал","ПАО АНК \"Башнефть\" \"Башнефть-Новойл\"",2,80,"Кольцо резиновое Тайтон (МБС) 150","ШТ",8,219.76,{"$f":"G84*H84","v":1758.08},"450045, г. Уфа, ПАО АНК \"Башнефть\" \"Башнефть-Новойл\""]
["Уплотнительный материал","ПАО АНК \"Башнефть\" \"Башнефть-Новойл\"",2,81,"Кольцо уплот. 1-1-4 40Х 5НГК5х1","ШТ",2,5615.54,11231.08,"450045, г. Уфа, ПАО АНК \"Башнефть\" \"Башнефть-Новойл\""]
["Уплотнительный материал","ПАО АНК \"Башнефть\" \"Башнефть-Новойл\"",2,82,"Кольцо уплот. Тайтон 100","ШТ",1,109.3,109.3,"450045, г. Уфа, ПАО АНК \"Башнефть\" \"Башнефть-Новойл\""]
["Уплотнительный материал","ПАО АНК \"Башнефть\" \"Башнефть-Новойл\"",2,83,"Сальник асбосвинцовый 75х100","ШТ",140,948.8,132832,"450045, г. Уфа, ПАО АНК \"Башнефть\" \"Башнефть-Новойл\""]
["Уплотнительный материал","ПАО АНК \"Башнефть\" \"Башнефть-Новойл\"",2,84,"Сальник асбосвинцовый 85х110","ШТ",220,1518.07,333975.39999999997,"450045, г. Уфа, ПАО АНК \"Башнефть\" \"Башнефть-Новойл\""]
["Уплотнительный материал","ПАО АНК \"Башнефть\" \"Башнефть-Новойл\"",2,85,"СНП ТМГ 4-5-479,5-460-4,5-10","ШТ",4,205.84,823.36,"450045, г. Уфа, ПАО АНК \"Башнефть\" \"Башнефть-Новойл\""]

{"sheet":"Лист1","index":1,"n_rows":0,"n_cols":0,"rows_kept":0,"cut":false,"hidden":false,"merged":[]}